000 00252nam a22001217a 4500
008 170905b xxu||||| |||| 00| 0 eng d
041 _aeng
080 _a611.71
100 _a04
101 _aMK
245 _aOSTEOLOGJIA
_cGASHI,A,A
942 _2udc
_cBK
999 _c26129
_d26129